Macam bunyi siamang kenyang

Bibliographic Details
Main Author: Mohd.Ariff Bakar
Format: Book
Published: Kuala Lumpur : Pustaka Wira Bakti , 1996
Series:Siri bidalan Melayu
Subjects:

MARC

LEADER 00000cam a2200000 7i4500
001 0000007043
002 000007581
005 20000330.0
020 |a 9838270814 
090 0 0 |a JF   |b MOH 
100 0 |a Mohd.Ariff Bakar 
245 1 0 |a Macam bunyi siamang kenyang   |c Mohd.Ariff Bakar 
260 |a Kuala Lumpur :   |b Pustaka Wira Bakti ,   |c 1996 
300 |a 52p. :   |b ill. ;   |c 21cm. 
490 0 |a Siri bidalan Melayu 
650 0 0 |a Children's stories 
999 |a 053267   |b BUKU   |c PINJAMAN   |e PERPUSTAKAAN KOMUNITI PETALING JAYA 
999 |a 054514   |b BUKU   |c PINJAMAN   |e PERPUSTAKAAN KOMUNITI CAW KOTA DAMANSARA 
999 |a 054515   |b BUKU   |c PINJAMAN   |e PERPUSTAKAAN KOMUNITI CAW KOTA DAMANSARA